000 00648nam a2200241Ia 4500
003 OSt
005 20220926002517.0
006 a|||||r|||| 00| 0
007 ta
008 220923b |||||||| |||| 00| 0 eng d
037 _cGeneral Book
040 _aRTL
_cRTL
_beng
041 _2eng
_aeng
082 _aU.271.N7, L1
100 _aSinha B N
_950349
245 0 _aGeography of Orissa
260 _a New Delhi
_bNaitonal Book Trust India
_c1971
300 _a172p. Bib p. 162-66
_ccm.
490 _aIndia the
650 _aIndian Geography
942 _hU.271.N7, L1
_cGB
_2CC
999 _c605286
_d605286